000 01090cam a2200265 4500
001 ABS64254
008 010727n2001 000 0 eng u
035 _a(Sirsi) u113828
100 _aJuden, J.
245 _aWe can work it out
260 _c2001
490 _aProperty Week
_v66(27) 6 July 2001, 92-93(2)
520 _aIf a construction dispute becomes complicated, the choice must be made between arbitration or asking for an independent expert's determination. Outlines the main differences, following the Arbitration Act 1996, between going to an arbitrator or enlisting the services of an independent expert. Briefly discusses case law.
590 _aABS
650 _aARBITRATION ACT 1996
650 _aINDEPENDENT EXPERTS
650 _aARBITRATORS
650 _aCONSTRUCTION DISPUTES
650 _aMERCURY COMMUNICATIONS LTD V DIRECTOR GENERAL OF TELECOMMUNICATIONS
650 _aNATIONAL GRID CO V M25 GROUP LTD
650 _aMORGAN SINDALL PLC V SAWSTON FARMS (CAMBS) LTD
650 _aCAMPBELL V EDWARDS
690 _aDispute resolution
_96236
942 _n0
999 _c67814
_d67814